| 000 | 00792nam a2200217Ia 4500 | ||
|---|---|---|---|
| 003 | GCL | ||
| 005 | 20240530103121.0 | ||
| 008 | 140319s9999 xx 000 0 ara d | ||
| 040 |
_aGCL / _cGCL |
||
| 082 | 0 | 4 |
_a630.023 _bب ا |
| 100 | 1 | _aبهجت محمد عبدالمقصود | |
| 245 | 1 | 0 |
_aالارشاد الزراعى / _cبهجت محمد عبدالمقصود |
| 260 |
_aالمنصورة : _bدار الوفاء للطباعة والنشر والتوزيع ، _c1988 |
||
| 300 |
_a409 ص ؛ _b24 سم. |
||
| 650 | 0 | 4 | _aالتغير الاجتماعى |
| 650 | 0 | 4 | _aالانتاج الزراعى |
| 650 | 0 | 4 | _aالارشاد الزراعى |
| 650 | 0 | 4 | _aالاتصال الاجتماعى |
| 700 | 1 | _aالمركز العلمى للبحوث والدراسات | |
| 942 |
_2ddc _cBK |
||
| 999 |
_c36958 _d36958 |
||